Statistics for eFootball Pes 2021 Top 100 Players

Click here to take the quiz!

General Stats

  • This quiz has been taken 322 times
    (314 since last reset)
  • The average score is 62 of 100

Answer Stats

ClubPositionOverallPlayer% Correct
FC BarcelonaRWF94Lionel Messi
100%
JuventusLWF93Cristiano Ronaldo
98%
PSGCF91Kylian Mbappé
94%
PSGLWF92Neymar
94%
Manchester CityAMF92Kevin De Bruyne
91%
FC BayernCF92Robert Lewandowski
90%
LiverpoolLWF90Sadio Mané
90%
LiverpoolRWF89Mohamed Salah
89%
LiverpoolCB91Virgil van Dijk
89%
Atlético MadridGK91Jan Oblak
88%
LiverpoolGK90Alisson
87%
Manchester CityCF90Sergio Agüero
87%
Tottenham HotspurCF89Harry Kane
86%
Real MadridCB90Sergio Ramos
86%
Real MadridCF88Karim Benzema
82%
FC BayernGK89Manuel Neuer
81%
FC BarcelonaGK89Marc-André ter Stegen
79%
JuventusSS88Paulo Dybala
79%
Manchester UnitedGK88David de Gea
78%
Manchester CityGK88Ederson
78%
Atlético MadridCF89Luis Suárez
78%
FC BarcelonaLWF88Antoine Griezmann
76%
Manchester CityLWF88Raheem Sterling
76%
Real MadridDMF89Casemiro
75%
ChelseaCMF88N'Golo Kanté
75%
ArsenalCF89Pierre-Emerick Aubameyang
75%
Tottenham HotspurLMF87Son Heung-Min
75%
FC BayernDMF88Joshua Kimmich
74%
LiverpoolCF87Roberto Firmino
74%
Real MadridCMF88Toni Kroos
74%
Real MadridLWF88Eden Hazard
73%
Real MadridGK88Thibaut Courtois
73%
Real MadridCMF86Luka Modrić
72%
PSGRWF87Ángel Di María
71%
Manchester CityRWF87Bernardo Silva
71%
Manchester UnitedAMF87Bruno Fernandes
71%
Real SociedadAMF85David Silva
71%
Real MadridCB88Raphaël Varane
71%
ChelseaCB86Thiago Silva
71%
FC BayernSS86Thomas Müller
71%
LazioCF87Ciro Immobile
69%
FC BarcelonaCB87Gerard Piqué
68%
FC BayernLWF86Leroy Sané
68%
LiverpoolRB87Trent Alexander-Arnold
68%
LeicesterCF86Jamie Vardy
66%
Manchester UnitedCMF86Paul Pogba
65%
PSGCMF87Marco Verratti
64%
InterCF86Romelu Lukaku
64%
FC BarcelonaDMF88Sergio Busquets
64%
Tottenham HotspurGK86Hugo Lloris
62%
FC BayernCMF88Thiago
61%
Manchester UnitedCF86Edinson Cavani
60%
FC BarcelonaCMF87Frenkie de Jong
60%
Borussia DortmundRWF86Jadon Sancho
60%
FC BarcelonaLWF85Ousame Dembélé
60%
Manchester CityRWF86Riyad Mahrez
60%
FC BayernLWF87Serge Gnabry
60%
InterGK87Samir Handanovič
58%
ChelseaCF86Timo Werner
58%
Manchester CityCF85Gabriel Jesus
57%
NapoliCB87Kalidou Koulibaly
57%
PSGCF86Mauro Icardi
57%
Atlético MadridCMF86Koke
56%
FC BayernCB87David Alaba
53%
LiverpoolDMF86Fabinho
53%
JuventusCB86Giorgio Chiellini
53%
InterCF85Lautaro Martínez
53%
FC BayernCMF85Leon Goretzka
53%
LiverpoolCMF85Jordan Henderson
52%
Atlético MadridCMF87Saúl
52%
NapoliLWF85Lorenzo Insigne
51%
JuventusCB86Matthijs de Ligt
51%
Manchester CityCB86Aymeric Laporte
50%
ArsenalGK86Bernd Leno
50%
ChelseaRW86Hakim Ziyech
47%
Olympique LyonCF85Memphis Depay
46%
FC BayernCB86Niklas Süle
46%
NapoliCF85Dries Mertens
45%
FC BarcelonaAMF85Philippe Coutinho
45%
FC BarcelonaCB86Clément Lenglet
43%
Manchester CityCMF85Ilkay Gündoğan
43%
LazioCMF86Sergej Milinković-Savić
43%
RomaCF85Edin Džeko
42%
WolverhamptonCF85Raúl Jiménez
42%
Real MadridAMF85Isco
41%
JuventusGK87Wojciech Szczęsny
41%
AtalantaSS86Josip Iličić
40%
PSGDMF87Marquinhos
40%
InterCB86Milan Škriniar
40%
AtalantaAMF85Alejandro Gómez
39%
LiverpoolCMF85Georginio Wijnaldum
38%
Celta VigoCF85Iago Aspas
38%
Atlético MadridCB86José Giménez
38%
FC SevillaCMF85Ivan Rakitić
37%
InterCB86Stefan de Vrij
37%
InterAMF85Christian Eriksen
35%
FC VillarrealCMF86Dani Parejo
35%
AS MonacoCF85Wissam Ben Yedder
33%
LazioCMF86Luis Alberto
30%
FC BarcelonaDMF86Miralem Pjanić
28%

Score Distribution

Percentile by Number Answered

Percent of People with Each Score

Your Score History

You have not taken this quiz since the last reset